00166nam a22000857a 4500082000800000100002400008245003200032260000900064300000700073 aABD aAbdul Sattar Sahito aOperation of glass factory  c1976 a70